Last sacrifice / (Record no. 233611)

000 -LEADER
fixed length control field 01049cam a2200265 a 4500
001 - CONTROL NUMBER
control field 16560884
003 - CONTROL NUMBER IDENTIFIER
control field Nust
005 - DATE AND TIME OF LATEST TRANSACTION
control field 20170309114250.0
008 - FIXED-LENGTH DATA ELEMENTS--GENERAL INFORMATION
fixed length control field 101202s2010 nyu d 000 1 eng
010 ## - LIBRARY OF CONGRESS CONTROL NUMBER
LC control number 2010050825
020 ## - INTERNATIONAL STANDARD BOOK NUMBER
International Standard Book Number 9780141331881
040 ## - CATALOGING SOURCE
Original cataloging agency DLC
Transcribing agency DLC
042 ## - AUTHENTICATION CODE
Authentication code lcac
-- pcc
050 00 - LIBRARY OF CONGRESS CALL NUMBER
Classification number PZ7.M478897
Item number Las 2010
082 00 - DEWEY DECIMAL CLASSIFICATION NUMBER
Classification number 813.6
Author Mark MEA
100 1# - MAIN ENTRY--PERSONAL NAME
Personal name Mead, Richelle.
245 10 - TITLE STATEMENT
Title Last sacrifice /
Statement of responsibility, etc. Richelle Mead.
260 ## - PUBLICATION, DISTRIBUTION, ETC.
Place of publication, distribution, etc. New York :
Name of publisher, distributor, etc. Razorbill,
Date of publication, distribution, etc. 2010.
300 ## - PHYSICAL DESCRIPTION
Extent 584 p. ;
Dimensions 22 cm.
490 0# - SERIES STATEMENT
Series statement Vampire Academy ;
Volume/sequential designation [6]
520 ## - SUMMARY, ETC.
Summary, etc. Framed for the murder of Queen Tatiana, bodyguard Rose faces the trial of her life as best friend Lissa, a vampire princess, becomes first in line for the royal throne.
650 #1 - SUBJECT ADDED ENTRY--TOPICAL TERM
Topical term or geographic name entry element Vampires
Form subdivision Fiction.
650 #1 - SUBJECT ADDED ENTRY--TOPICAL TERM
Topical term or geographic name entry element Supernatural
Form subdivision Fiction.
906 ## - LOCAL DATA ELEMENT F, LDF (RLIN)
a 7
b cbc
c orignew
d 1
e ecip
f 20
g y-gencatlg
942 ## - ADDED ENTRY ELEMENTS (KOHA)
Source of classification or shelving scheme
Koha item type Book
Holdings
Withdrawn status Lost status Source of classification or shelving scheme Damaged status Not for loan Permanent Location Current Location Shelving location Date acquired Total Checkouts Total Renewals Full call number Barcode Date last seen Date last checked out Copy number Price effective from Koha item type
          Central Library (CL) Central Library (CL) Fiction 03/09/2017 4 3 813.6 MEA CL1722 11/28/2024 01/18/2024 1 03/09/2017 Book
© 2023 Central Library, National University of Sciences and Technology. All Rights Reserved.